| 000 | 00684nam a2200181 i 4500 | ||
|---|---|---|---|
| 001 | 71661 | ||
| 003 | ES-MaACL | ||
| 005 | 20230906171206.0 | ||
| 007 | t| | ||
| 008 | 040817s1930 sp ||||1| spa d | ||
| 100 | 1 |
_aGerbault, Alain. _956420 |
|
| 245 | 1 | 3 |
_aLa vuelta al mundo del "Navegante solitario" / _cpor Alain Gerbault ; versión española por A. Bou. |
| 260 |
_aBarcelona : _bJosé Montesó, _c1930. |
||
| 300 |
_a3 v. : _bil. ; _c20 cm. |
||
| 505 | 8 | _aContiene: T.I: Solo a través del Atlántico. -- T.II: En persecución del sol: (de Nueva York a Tahití). -- T.III: En ruta de regreso: (de Tahití a Francia) | |
| 700 | 1 |
_aBou, A. _930812 |
|
| 852 |
_aES-MaACL _jA-782-84 |
||
| 999 |
_c71661 _d71661 |
||